| 000 | 00521nam a2200193 a 4500 | ||
|---|---|---|---|
| 005 | 20140310183135.0 | ||
| 008 | 020820s19uu xx 00 eng d | ||
| 020 | _a9780071180559 | ||
| 050 |
_aHF 5635 _b.M492 2001 |
||
| 100 | _aMeigs, Robert. | ||
| 245 |
_aFinancial Accounting. / _cRobert Meigs. |
||
| 260 |
_aNew York : _bIrwin/McGraw-Hill Inc., _c2001. |
||
| 300 |
_a712 p. : _bill. col. ; _c27 cm. |
||
| 500 | _aW/ CD-ROM | ||
| 521 | _aBSBA | ||
| 650 | _aAccounting. | ||
| 942 |
_cBK _2lcc _kFOR |
||
| 999 |
_c19270 _d19270 |
||